00900nam a2200301Ia 4500008004100000020001900041100002200060245003600082245010700118260001500225260002000240260000900260300001700269300003200286300001100318440002300329440001100352500004100363650001300404650002000417650001600437650004900453650002200502650002200524650002200546650002200568700000800590160803s9999 xx 000 0 und d a978-0545021388 aStilton, Geronimo 2aA fabumouse school adventure /  cGeronimo Stilton ; illustrations by Alessandro Pastrovicchio ; English translation by Atlantyca S.p.A. aNew York : bScholastic Inc. c2009 a111 pages :  bcolor illustrations, maps ; c20 cm. aGeronimo Stilton : vbk. 38 aTranslation of: Scuola de formaggio. aMice --  aOccupations --  aSchools --  aStilton, Geronimo (Fictitious character) --  xJuvenile fiction. xJuvenile fiction. xJuvenile fiction. xJuvenile fiction. a660